Normal view MARC view
  • Project Supervisor: Brig. Dr. Nasir Rashid

Entry Corporate Name

Number of records used in: 1

001 - CONTROL NUMBER

  • control field: 98613

003 - CONTROL NUMBER IDENTIFIER

  • control field: NUST

005 - DATE AND TIME OF LATEST TRANSACTION

  • control field: 20220829151702.0

008 - FIXED-LENGTH DATA ELEMENTS

  • fixed length control field: 220829|| aca||aabn | a|a d

040 ## - CATALOGING SOURCE

  • Original cataloging agency: NUST
  • Transcribing agency: NUST

110 ## - HEADING--CORPORATE NAME

  • Corporate name or jurisdiction name as entry element: Project Supervisor: Brig. Dr. Nasir Rashid

670 ## - SOURCE DATA FOUND

  • Source citation: Work cat.: (NUST): Haisham Ali Afaque Hussain Sardar Ali Abbas M. Usama Aleem 98612, PR-SOF-2122-Two Degrees of Freedom Orchard Spraying Mechanism, 2022.
© 2023 Central Library, National University of Sciences and Technology. All Rights Reserved.